[Event "AS04 Centenary"]
[Site "Copenhagen DEN"]
[Date "2004.02.08"]
[Round "2"]
[White "Nielsen,Ni"]
[Black "Jakobsen,O"]
[Result "1/2-1/2"]
[WhiteElo "2105"]
[BlackElo "2388"]

1.e4 c5 2.Nf3 e6 3.d4 cxd4 4.Nxd4 Nc6 5.Nc3 Qc7 6.f4 a6 7.Nxc6 Qxc6 8.Bd3 b5
9.Qe2 Bb7 10.Bd2 Be7 11.a4 b4 12.Na2 Nf6 13.Bxb4 Nxe4 14.Bxe7 Kxe7 15.Nb4 Qc5
16.Na2 f5 17.c3 a5 18.Rd1 Bd5 19.Nc1 Rab8 20.Bb5 d6 21.Nd3 Qb6 22.Nf2 Qxf2+
23.Qxf2 Nxf2 24.Kxf2 Rhc8 25.Rd4 Bb3 26.Re1 Rc5 27.Re2 Rbc8 28.Red2 Rd5 29.Ke3 Rxd4
30.Kxd4 Rc7 31.c4 g6 32.Kc3 Bxc4 33.Bxc4 d5 34.Rd4 dxc4 35.Rxc4 Ra7 36.b4 axb4+
37.Kxb4 Rb7+ 38.Kc5 Rb2 39.a5 Rxg2 40.a6 Rxh2 41.Ra4 Rc2+ 42.Kb6 Rb2+ 43.Kc7 Rc2+
44.Kb7  1/2-1/2

[Event "TCh-CZE Extraliga 2003-4"]
[Site "Czech Rep CZE"]
[Date "2004.02.08"]
[Round "7"]
[White "Zezulkin,J"]
[Black "Oral,T"]
[Result "1/2-1/2"]
[WhiteElo "2548"]
[BlackElo "2553"]

1.e4 c5 2.Nf3 Nc6 3.Nc3 e6 4.d4 cxd4 5.Nxd4 Qc7 6.Be3 a6 7.Bd3 b5 8.O-O Bb7
9.Re1 Nf6 10.Nxc6 Qxc6 11.Bd4 Bc5 12.Bxf6 gxf6 13.Nd5 O-O-O 14.b4 Bd6 15.c4 bxc4
16.Ne3 cxd3 17.Rc1 Bxb4 18.Rxc6+ dxc6 19.Rf1 Rd4 20.Nc2 Rhd8 21.Nxd4 Rxd4
22.a3 Ba5 23.Qb3 c5 24.Rb1 Bxe4 25.f3 Bc6 26.Qb8+ Kd7 27.Qa7+ Bc7 28.Qxc5 Rd5
29.Qf8 d2 30.Qxf7+ Kd6 31.Qf8+ Kd7 32.Qf7+ Kd6 33.Qf8+ Kd7  1/2-1/2

[Event "12th Aosta Open"]
[Site "St Vincent ITA"]
[Date "2004.02.08"]
[Round "1"]
[White "Sorcinelli,F"]
[Black "Romanishin,O"]
[Result "0-1"]
[WhiteElo "2065"]
[BlackElo "2537"]

1.e4 c5 2.Nf3 e6 3.Nc3 Nc6 4.d4 cxd4 5.Nxd4 a6 6.Be3 Nge7 7.Nb3 Ng6 8.Qd2 b5
9.f4 Be7 10.O-O-O O-O 11.g3 d6 12.h4 Re8 13.h5 Nf8 14.g4 Bb7 15.Bd3 Rc8 16.g5 Nb4
17.Kb1 Nxd3 18.Qxd3 Qc7 19.Rhg1 b4 20.Ne2 a5 21.f5 Nd7 22.Ned4 Ne5 23.Qe2 a4
24.fxe6 axb3 25.exf7+ Nxf7 26.axb3 Ne5 27.g6 h6 28.Bxh6 gxh6 29.Nf5 Bg5 30.Nxd6 Ra8
31.Qb5 Bc6 32.Nxe8 Qa7 33.Nf6+ Bxf6  0-1

[Event "AS04 Centenary"]
[Site "Copenhagen DEN"]
[Date "2004.02.09"]
[Round "3"]
[White "Timmermans,I"]
[Black "Olsen,M"]
[Result "1/2-1/2"]
[WhiteElo "2237"]
[BlackElo "1980"]

1.e4 c5 2.Nf3 e6 3.d4 cxd4 4.Nxd4 Nc6 5.Nc3 Qc7 6.Be3 a6 7.Qd2 Nf6 8.f3 b5
9.O-O-O Bb7 10.Bf4 e5 11.Nxc6 dxc6 12.Bg3 Be7 13.Be2 O-O 14.f4 exf4 15.Bxf4 Qa5
16.e5 b4 17.exf6 bxc3 18.Qxc3 Qxc3 19.bxc3 Bxf6 20.Rd7 Bc8 21.Rc7 Be6 22.Rxc6 Bxa2
23.Rxa6 Bxc3 24.Rd1 h6 25.Rdd6 Rxa6 26.Rxa6 Re8 27.Bd1 Bd5 28.g3 Bb7 29.Rb6 Bd5
30.Bd2 Be5 31.Rb5 Be4 32.c4 Bd3 33.Bb3 Bf6 34.Bf4 Kh7 35.Kd2 Bf1 36.Rb7 Rc8
37.Rc7 Rxc7 38.Bxc7 Bd4 39.Bd6 Kg6 40.c5 Kf6 41.c6 Bg2 42.c7 Bb7 43.Bd5 Bc8
44.Kd3 Be5 45.Bxe5+ Kxe5 46.Bxf7 Kd6 47.Kd4 Kxc7 48.Ke5 Bh3 49.Be6 Bf1 50.Bd5 Kd7
51.Kf5 Ke7 52.Kg6 Kf8 53.Kh7 Bd3+ 54.Kh8 Bf5 55.Bc4 Be4 56.Bb3  1/2-1/2

[Event "IV Comunic Masters"]
[Site "Sao Paulo BRA"]
[Date "2004.02.09"]
[Round "8"]
[White "Rodriguez,And URU"]
[Black "Tsuboi,E"]
[Result "1/2-1/2"]
[WhiteElo "2485"]
[BlackElo "2344"]

1.e4 c5 2.Nf3 Nc6 3.d4 cxd4 4.Nxd4 e6 5.Nc3 Qc7 6.Be3 a6 7.Qd2 Nf6 8.f4 Bb4
9.Bd3 Na5 10.O-O Nc4 11.Bxc4 Qxc4 12.Qd3 Qxd3 13.cxd3 Ng4 14.Bd2 Bc5 15.Ne2 d6
16.Rfc1 e5 17.fxe5 Nxe5 18.Rc3 f5 19.exf5 O-O 20.Rf1 Bd7 21.Kh1 Rae8 22.Rb3 Nc6
23.Bc3 Nxd4 24.Nxd4 Bxd4 25.Bxd4 Bc6 26.h4 Re2 27.Rf2 Rxf2 28.Bxf2 Rxf5 29.Bg3 Rb5
30.Bxd6 Rxb3 31.axb3 h5 32.Kg1 Kf7 33.Be5 Bb5 34.d4 Bc6 35.Kf2 g6 36.g3 Ke6  1/2-1/2

[Event "12th Aosta Open"]
[Site "St Vincent ITA"]
[Date "2004.02.09"]
[Round "2"]
[White "Djingarova,E"]
[Black "Bruzon,L"]
[Result "0-1"]
[WhiteElo "2344"]
[BlackElo "2603"]

1.e4 c5 2.Nf3 e6 3.d4 cxd4 4.Nxd4 Nc6 5.Nc3 Qc7 6.g3 a6 7.Bg2 d6 8.Nxc6 bxc6
9.O-O Nf6 10.Na4 Be7 11.c4 O-O 12.Be3 Rb8 13.c5 d5 14.e5 Nd7 15.f4 a5 16.Rc1 Ba6
17.Rf2 Bb5 18.Nc3 Qa7 19.Nxb5 Rxb5 20.Bf1 Rb4 21.Rfc2 Rfb8 22.Bd4 Qc7 23.a3 Rb3
24.Rf2 g6 25.Kh1 Qd8 26.Qd2 a4 27.Rg2 Qf8 28.Qf2 Ra8 29.Qg1 Rab8 30.Rgc2 Qh6
31.Be2 Qh3 32.Qg2 Qf5 33.Rd2 Bxc5 34.Bxc5 Nxc5 35.Rxc5 Rxb2 36.Rxb2 Rxb2
37.Rc1 c5 38.Rxc5 Qb1+ 39.Qf1 Qa2 40.Rc8+ Kg7 41.Bd3 Rxh2+ 42.Kg1 Rd2 43.f5 exf5
44.e6 fxe6 45.g4 Qb3 46.gxf5 gxf5 47.Qf4 Qd1+ 48.Bf1 Qg4+ 49.Qxg4+ fxg4 50.Ra8 Kf6
51.Rxa4 h5 52.Ra8 h4 53.a4 Ra2 54.a5 Ke5 55.a6 Kf4 56.Rf8+ Kg3 57.Re8 h3
58.Rxe6 h2+ 59.Kh1 Ra1 60.Rf6 d4 61.Rf7 d3 62.a7 d2 63.a8=Q Rxa8 64.Rd7 Ra2
65.Rd3+ Kf2  0-1

[Event "12th Aosta Open"]
[Site "St Vincent ITA"]
[Date "2004.02.09"]
[Round "3"]
[White "Lanzani,M"]
[Black "Miatello,A"]
[Result "1-0"]
[WhiteElo "2352"]
[BlackElo "2074"]

1.e4 c5 2.Nf3 e6 3.d4 cxd4 4.Nxd4 Nc6 5.Nc3 a6 6.Nxc6 bxc6 7.Bd3 d5 8.O-O Nf6
9.Re1 Be7 10.e5 Nd7 11.Qg4 Kf8 12.Na4 h5 13.Qe2 Nc5 14.Nxc5 Bxc5 15.Be3 Qb6
16.Bxc5+ Qxc5 17.c4 d4 18.a3 Rh6 19.b4 Qb6 20.c5 Qd8 21.Rad1 f5 22.Bc4 Ra7
23.Rd3 g5 24.Qd2 Rd7 25.Rd1 f4 26.Rxd4 Rhh7 27.Rd6 Rxd6 28.Qxd6+ Qxd6 29.Rxd6 a5
30.Rd8+  1-0

[Event "AS04 Centenary"]
[Site "Copenhagen DEN"]
[Date "2004.02.10"]
[Round "4"]
[White "Paaske,A"]
[Black "Hermansson,E"]
[Result "0-1"]
[WhiteElo "2165"]
[BlackElo "2429"]

1.e4 c5 2.Nf3 Nc6 3.d4 cxd4 4.Nxd4 e6 5.Nc3 Qc7 6.f4 a6 7.Nxc6 Qxc6 8.Be2 b5
9.Bf3 Bb7 10.Be3 Rc8 11.Qd3 Qc7 12.a3 Nf6 13.O-O h5 14.Qe2 Qc4 15.Qxc4 Rxc4
16.e5 Bxf3 17.gxf3 Ng8 18.Rad1 Nh6 19.Ne4 Nf5 20.Bf2 Rxc2 21.Rc1 Rc6 22.Rxc6 dxc6
23.Rd1 Be7 24.b4 O-O 25.Rd7 Rd8 26.Nc5 a5 27.Rc7 axb4 28.axb4 Rd1+ 29.Kg2 Rb1
30.Rxc6 Rxb4 31.Ne4 Rb2 32.Kf1 Rb1+ 33.Kg2 Kh7 34.Nd6 Bxd6 35.exd6 Rd1 36.Bc5 Kg6
37.Rb6 Rd5 38.Rxb5 Nxd6 39.Rb6 Nf5 40.Bf2 Rd2 41.Kf1 Ra2 42.Rb4 Rc2 43.Ra4 Rb2
44.Rc4 Rb7 45.Kg2 Ne7 46.Kg3 Rb2 47.Kg2 Nd5 48.Kg1 Rb4 49.Rxb4 Nxb4 50.Kg2 Nd3
51.Be3 Kf5 52.Kg3 Nxf4 53.h4 e5 54.Bd2 Ne2+ 55.Kf2 Nd4 56.Be3 Ke6 57.Kg2 Kd5
58.Bc1 Kc4 59.Ba3 Nf5 60.Kh3 Kd3  0-1

[Event "AS04 Centenary"]
[Site "Copenhagen DEN"]
[Date "2004.02.11"]
[Round "5"]
[White "Timmermans,I"]
[Black "Petersen,N"]
[Result "0-1"]
[WhiteElo "2237"]
[BlackElo "1989"]

1.e4 c5 2.Nf3 e6 3.d4 cxd4 4.Nxd4 Nc6 5.Nc3 Qc7 6.g3 a6 7.Bg2 Nge7 8.Nde2 Ng6
9.O-O Be7 10.b3 O-O 11.a4 b6 12.Bb2 Bb7 13.Qd2 Rfd8 14.Rad1 Nb4 15.f4 d5
16.e5 d4 17.Ne4 d3 18.cxd3 Rxd3 19.Qc1 Qxc1 20.Nxc1 Rd5 21.Nd6 Bxd6 22.exd6 Rxd1
23.Rxd1 Bxg2 24.Kxg2 Rd8 25.Ba3 Nc2  0-1

[Event "AS04 Centenary"]
[Site "Copenhagen DEN"]
[Date "2004.02.11"]
[Round "5"]
[White "Hector,J"]
[Black "Hermansson,E"]
[Result "1-0"]
[WhiteElo "2518"]
[BlackElo "2429"]

1.e4 c5 2.Nf3 Nc6 3.d4 cxd4 4.Nxd4 e6 5.Nc3 Qc7 6.f4 a6 7.Nf3 d6 8.g4 h6
9.Be3 Nf6 10.Rg1 Be7 11.Qe2 b5 12.O-O-O Bb7 13.h4 g6 14.g5 hxg5 15.hxg5 Nd7
16.f5 b4 17.Na4 exf5 18.exf5 Qa5 19.fxg6 Qxa4 20.gxf7+ Kxf7 21.g6+ Ke8 22.Qc4 Nf6
23.Rxd6 Bxd6 24.Qf7+ Kd8 25.Bb6+ Kc8 26.Qe6+ Nd7 27.Qxd6 Nxb6 28.g7 Rd8 29.g8=Q Nd7
30.Bh3 Nb8 31.Qxd8+  1-0

[Event "AS04 Centenary"]
[Site "Copenhagen DEN"]
[Date "2004.02.12"]
[Round "6"]
[White "Pallesen,J"]
[Black "Petersen,N"]
[Result "1/2-1/2"]
[WhiteElo "2051"]
[BlackElo "1989"]

1.e4 c5 2.Nf3 e6 3.d4 cxd4 4.Nxd4 Nc6 5.Nc3 Qc7 6.f4 a6 7.Be3 Nxd4 8.Qxd4 Ne7
9.Be2 Nc6 10.Qd2 b5 11.O-O Be7 12.Rad1 O-O 13.e5 f5 14.Bf3 Rb8 15.Qf2 Na5
16.Kh1 Nc4 17.Ba7 Nxb2 18.Bxb8 Qxb8 19.Rb1 Ba3 20.Nd1 Nc4 21.Qd4 Qc7 22.Qd3 d5
23.Ne3 Nxe3 24.Qxe3 Bc5 25.Qb3 Bd7 26.Rfd1 Bc6 27.Qd3 Qa7 28.Re1 Rc8 29.c3 a5
30.g3 a4 31.Kg2 Qe7 32.Qd2 Bb6 33.Red1 Qb7 34.Qe2 Ba5 35.c4 dxc4 36.Rd6 Bxf3+
37.Qxf3 Qxf3+ 38.Kxf3 c3 39.Ke2 c2 40.Rc1 b4 41.Rd7 Rc6 42.Rd3 Rc4 43.Ke3 Kf7
44.Ke2 Re4+ 45.Kf3 Rc4 46.Ke2 Re4+ 47.Kf3  1/2-1/2

[Event "Complete Chess m"]
[Site "Maastricht NED"]
[Date "2004.02.12"]
[Round "3"]
[White "Baramidze,D"]
[Black "Stellwagen,D"]
[Result "1/2-1/2"]
[WhiteElo "2456"]
[BlackElo "2489"]

1.e4 c5 2.Nf3 e6 3.d4 cxd4 4.Nxd4 Nc6 5.Nc3 Qc7 6.Be2 a6 7.O-O Nf6 8.Be3 Bb4
9.Na4 Be7 10.Nxc6 bxc6 11.Nb6 Rb8 12.Nxc8 Qxc8 13.Bd4 c5 14.Be5 Rb6 15.Qd3 d6
16.Bc3 O-O 17.b3 d5 18.e5 Nd7 19.f4 c4 20.bxc4 Rc6 21.Qh3 Nb6 22.Bd3 g6 23.Rf3 Re8
24.Rg3 Qc7 25.Bd4 Nxc4 26.c3 Nb2 27.f5 Nxd3 28.fxg6 hxg6 29.Rxd3 Bc5 30.Bxc5 Rxc5
31.Rf1 Qxe5 32.Rxf7 Kxf7 33.Qh7+ Kf6 34.Rf3+ Qf5 35.Qh4+ Kf7  1/2-1/2

[Event "X Open"]
[Site "Coria del Rio ESP"]
[Date "2004.02.13"]
[Round "3"]
[White "Cheparinov,I"]
[Black "Teran Alvarez,I"]
[Result "1-0"]
[WhiteElo "2550"]
[BlackElo "2382"]

1.e4 c5 2.Nf3 e6 3.d4 cxd4 4.Nxd4 Nc6 5.Nc3 Qc7 6.Be3 a6 7.Qd2 Nf6 8.O-O-O Bb4
9.f3 Na5 10.g4 h6 11.g5 hxg5 12.Bxg5 b5 13.Kb1 Bxc3 14.bxc3 Bb7 15.Bf4 e5
16.Bg3 O-O-O 17.Qg5 d6 18.Nb3 Nh5 19.Bd3 Kb8 20.Nxa5 f6 21.Qe3 Qxa5 22.Bf2  1-0

[Event "X Open"]
[Site "Coria del Rio ESP"]
[Date "2004.02.13"]
[Round "3"]
[White "Razmyslov,A"]
[Black "Paunovic,D"]
[Result "0-1"]
[WhiteElo "2337"]
[BlackElo "2517"]

1.e4 c5 2.Nf3 e6 3.d4 cxd4 4.Nxd4 Nc6 5.Nc3 Qc7 6.Ndb5 Qb8 7.Be3 Nf6 8.g4 h6
9.f3 a6 10.Bb6 axb5 11.Nxb5 Bb4+ 12.c3 Ba5 13.Bc5 Bc7 14.Nd6+ Bxd6 15.Bxd6 Qa7
16.Qd2 Qa5 17.b4 Qg5 18.Bf4 Qh4+ 19.Bg3 Qg5 20.Bf4 Qg6 21.O-O-O e5 22.Be3 O-O
23.h4 Ne8 24.Bc4 d6 25.h5 Qh7 26.g5 hxg5 27.Bxg5 Be6 28.Bd5 Rc8 29.Kb2 Bxd5
30.exd5 Nb8 31.Rc1 f6 32.Be3 f5 33.h6 g6 34.f4 Nd7 35.c4 Nef6 36.fxe5 Nxe5
37.Qd4 Qf7 38.h7+ Kh8 39.Rhe1 Nfg4 40.Bg5 Qg7 41.Kb3 Nf7 42.Qxg7+ Kxg7 43.Bd2 g5  0-1

[Event "Bundesliga 2003-4"]
[Site "Hamburg GER"]
[Date "2004.02.14"]
[Round "8"]
[White "Reeh,O"]
[Black "Heissler,J"]
[Result "1/2-1/2"]
[WhiteElo "2446"]
[BlackElo "2449"]

1.e4 c5 2.Nf3 e6 3.d4 cxd4 4.Nxd4 Nc6 5.Nc3 Qc7 6.f4 a6 7.Nxc6 Qxc6 8.a4 Nf6
9.e5 Ne4 10.Nxe4 Qxe4+ 11.Qe2 Qc6 12.Qc4 Qxc4 13.Bxc4 d6 14.exd6 Bxd6 15.Be3 Bd7
16.Rd1 Bb4+ 17.c3 Rc8 18.Be2 Bc5 19.Bxc5 Rxc5 20.Rd4 Ke7 21.Kf2 Rhc8 22.Rhd1 R8c7
23.Bf3  1/2-1/2

[Event "Bundesliga 2003-4"]
[Site "Tegernsee GER"]
[Date "2004.02.14"]
[Round "8"]
[White "Sokolov,And1"]
[Black "Maiwald,JU"]
[Result "1/2-1/2"]
[WhiteElo "2585"]
[BlackElo "2543"]

1.e4 c5 2.Nf3 e6 3.d4 cxd4 4.Nxd4 Nc6 5.Nc3 Qc7 6.Be2 a6 7.O-O b5 8.Nxc6 dxc6
9.f4 Bb7 10.Be3 Be7 11.a3 Nf6 12.e5 Rd8 13.Bd3 Nd7 14.Qg4 g6 15.Be4 Nb6  1/2-1/2

[Event "Bundesliga 2003-4"]
[Site "Tegernsee GER"]
[Date "2004.02.14"]
[Round "8"]
[White "Tischbierek,R"]
[Black "Ribli,Z"]
[Result "1/2-1/2"]
[WhiteElo "2507"]
[BlackElo "2595"]

1.e4 c5 2.Nc3 Nc6 3.Nge2 e6 4.d4 cxd4 5.Nxd4 Qc7 6.Be3 a6 7.Bd3 Nf6 8.O-O Ne5
9.h3 Bc5 10.Na4 Ba7 11.c4 O-O 12.Rc1 d6 13.b3 Bd7  1/2-1/2

[Event "X Open"]
[Site "Coria del Rio ESP"]
[Date "2004.02.16"]
[Round "6"]
[White "Martin Perez,J"]
[Black "Perez Perez,M"]
[Result "1-0"]
[WhiteElo "2280"]
[BlackElo "2010"]

1.e4 c5 2.Nf3 e6 3.d4 cxd4 4.Nxd4 Nc6 5.Nc3 Qc7 6.Nxc6 bxc6 7.Bd3 Nf6 8.Qe2 d6
9.O-O e5 10.b3 Be7 11.Bb2 O-O 12.h3 Nd7 13.Rad1 Nc5 14.Bc4 Ne6 15.Qd2 a5
16.a4 Nd4 17.Ne2 Nxe2+ 18.Qxe2 Be6 19.f4 Bxc4 20.Qxc4 exf4 21.Rxf4 Qb6+ 22.Kh1 Qa6
23.Rg4 g6 24.Qc3 f6 25.Rf4 Rf7 26.Rf3 Qe2 27.Re1 Qa6 28.h4 Qb6 29.Ref1 Raf8
30.Qc4 Kg7 31.Rc3 Rc8 32.h5 Qb4 33.Qe6 Qb7 34.h6+ Kg8 35.Rcf3 Rf8 36.Bxf6 Qc8
37.Qc4 Qd7 38.Bxe7 Qxe7 39.Rxf7 Rxf7 40.Rxf7 Qxf7 41.Qxf7+ Kxf7 42.Kg1 Ke6
43.Kf2 d5 44.Ke3 c5 45.c3 Ke5 46.exd5 Kxd5 47.Kd3 g5 48.g4 Ke5 49.Kc4 Kf4
50.b4 cxb4 51.cxb4 Kxg4 52.bxa5  1-0

[Event "Tringov mem Open"]
[Site "Plovdiv BUL"]
[Date "2004.02.17"]
[Round "2"]
[White "Manolov,I"]
[Black "Petrov,Marij"]
[Result "1/2-1/2"]
[WhiteElo "2250"]
[BlackElo "2441"]

1.e4 c5 2.Nf3 e6 3.Nc3 Nc6 4.d4 cxd4 5.Nxd4 Qc7 6.Be2 Nf6 7.O-O a6 8.Nxc6 dxc6
9.f4 b5 10.e5 Nd5 11.Ne4 Bb7 12.Bf3 c5 13.Qe2 Be7 14.a4 O-O 15.Bd2 c4 16.Kh1 Rfd8
17.axb5 axb5 18.Rxa8 Rxa8 19.Nc3 Nxc3 20.Bxc3 Bc5 21.Bxb7 Qxb7 22.Rd1 h6
23.h3 Qc6 24.Bd4 Rd8 25.Bxc5 Rxd1+ 26.Qxd1 Qxc5 27.Qd7 g6  1/2-1/2

[Event "Tringov mem Open"]
[Site "Plovdiv BUL"]
[Date "2004.02.17"]
[Round "2"]
[White "Dimitrov,Pa"]
[Black "Iotov,V"]
[Result "0-1"]
[WhiteElo "2134"]
[BlackElo "2321"]

1.e4 c5 2.Nf3 e6 3.d4 cxd4 4.Nxd4 Nc6 5.Nc3 Qc7 6.Be3 a6 7.Qd2 Nf6 8.O-O-O Bb4
9.f3 Ne5 10.a3 Bxc3 11.Qxc3 Qxc3 12.bxc3 d5 13.Bf4 Ng6 14.Bg5 dxe4 15.Bxf6 gxf6
16.fxe4 Ke7 17.Be2 Bd7 18.g3 Rac8 19.Rd3 Ne5 20.Re3 Rc7 21.Rf1 Rhc8 22.Kb2 Be8
23.h4 Nd7 24.Rff3 Nc5 25.g4 Na4+ 26.Kb3 Rd8 27.g5 fxg5 28.hxg5 Rd6 29.Rh3 Rb6+
30.Ka2 Rc5 31.e5 Rc8 32.c4 Rb2+ 33.Ka1 Rd8 34.Rh4 b5 35.Rb3 Rxb3 36.cxb3 Nc3
37.Bd3 bxc4 38.Bxc4 Nb5 39.Bxb5 axb5 40.Kb2 Rd5 41.Re4 Rc5 42.Re3 Kf8 43.Ne2 Rd5
44.Kc3 Rd1 45.Ng3 Kg7 46.Nh5+ Kg6 47.Nf6 Bc6 48.Rh3 Kxg5 49.Rxh7 Kg6 50.Rh3 Ra1
51.Kb4 Re1 52.Rh5 Re3 53.a4 bxa4 54.bxa4 Rf3 55.a5 Rxf6  0-1

[Event "Aeroflot Open"]
[Site "Moscow RUS"]
[Date "2004.02.20"]
[Round "4"]
[White "Sadvakasov,D"]
[Black "Neverov,V"]
[Result "1-0"]
[WhiteElo "2611"]
[BlackElo "2527"]

1.e4 c5 2.Nf3 e6 3.d4 cxd4 4.Nxd4 Nc6 5.Nc3 Qc7 6.Be2 a6 7.O-O Nf6 8.Be3 Bb4
9.Na4 Be7 10.Nxc6 bxc6 11.Nb6 Rb8 12.Nxc8 Qxc8 13.Bd4 c5 14.Be5 Rb6 15.b3 Nxe4
16.Bxg7 Rg8 17.Be5 Bd6 18.Bg3 Nxg3 19.fxg3 f5 20.Bc4 Be5 21.Qh5+ Kd8 22.Rae1 Bd4+
23.Kh1 Kc7 24.Rf3 Qf8 25.c3 Bf6 26.Rfe3 Qg7 27.Qf3 Rc8 28.Rd1 Kb8 29.h3 d5
30.Bxd5 exd5 31.Rxd5 Bg5 32.Ree5 Bf6 33.Rxf5 Qe7 34.Kh2 c4 35.Qf4+ Ka8 36.bxc4 Rbc6
37.c5 R8c7 38.Rd6 Bxc3 39.Qf3 Kb7  1-0

[Event "5th Montenegro Open"]
[Site "Sozina SCG"]
[Date "2004.02.20"]
[Round "3"]
[White "Nanu,C"]
[Black "Damljanovic,B"]
[Result "0-1"]
[WhiteElo "2486"]
[BlackElo "2575"]

1.e4 c5 2.Nf3 e6 3.d4 cxd4 4.Nxd4 Nc6 5.Nc3 a6 6.Be2 Qc7 7.O-O Nf6 8.Be3 Be7
9.Kh1 d6 10.f4 O-O 11.a4 Re8 12.Nb3 b6 13.Bf3 Bb7 14.Rf2 Rad8 15.Rd2 Nd7
16.Ne2 Nc5 17.Nbc1 Bf8 18.Bg1 Ne7 19.Ng3 Ng6 20.b4 Nd7 21.Nd3 Nf6 22.a5 bxa5
23.bxa5 Rd7 24.Bb6 Qc8 25.Nh5 Nxe4 26.Bxe4 Bxe4 27.Nc5 Bxc2 28.Rxc2 dxc5
29.Qe1 Rd5 30.Ng3 Qb7 31.Rb1 Qa8 32.Rbc1 Nh4 33.Qf2 Rc8 34.Ne4 Nf5 35.h3 h6
36.Nxc5 Bxc5 37.Bxc5 h5 38.Bb6 Rxc2 39.Qxc2 h4 40.Qc8+ Qxc8 41.Rxc8+ Kh7
42.Kg1 Nd6 43.Ra8 Ne4 44.Kf1 Nc5 45.Ke2 Kg6 46.Kf3 f6 47.Kg4 Ne4 48.Kf3 Kf5
49.Rxa6 Rd3+ 50.Ke2 Rg3 51.Kf1 Nd2+ 52.Ke2 Rxg2+ 53.Kd3 Nb3  0-1

[Event "Tringov mem Open"]
[Site "Plovdiv BUL"]
[Date "2004.02.21"]
[Round "8"]
[White "Drenchev,P"]
[Black "Dimitrov,V"]
[Result "1/2-1/2"]
[WhiteElo "2415"]
[BlackElo "2456"]

1.e4 c5 2.Nf3 e6 3.d4 cxd4 4.Nxd4 Nc6 5.Nc3 Qc7 6.Be2 a6 7.O-O Nf6 8.Be3 d6
9.a4 Be7 10.f4 O-O 11.Nb3 b6 12.g4 Re8 13.g5 Nd7 14.Rf3 Bf8 15.Rh3 g6 16.Qe1 Bg7
17.Qh4 Nf8 18.Qf2 Rb8 19.Rd1 Ne7 20.Rf3 Bd7 21.Bd4 e5 22.fxe5 dxe5 23.Be3 Bg4
24.Rxf7 Bxe2 25.Nd5 Qxc2 26.Rc1 Qxb3 27.Rxe7 Rxe7 28.Nxe7+ Kh8 29.Qxe2 Qxa4
30.Qc4 Qxc4 31.Rxc4 Ne6 32.Nd5 Nd4 33.Nxb6 Rxb6 34.Rc8+ Bf8 35.Rxf8+ Kg7
36.Rd8 Rxb2 37.Bxd4 exd4 38.Rxd4  1/2-1/2

[Event "5th Montenegro Open"]
[Site "Sozina SCG"]
[Date "2004.02.23"]
[Round "6"]
[White "Vuckovic,Bo"]
[Black "Perunovic,Mil"]
[Result "1/2-1/2"]
[WhiteElo "2511"]
[BlackElo "2550"]

1.e4 c5 2.Nf3 e6 3.d4 cxd4 4.Nxd4 Nc6 5.Nc3 Qc7 6.Be3 a6 7.Qd2 Nf6 8.O-O-O Bb4
9.f3 Ne5 10.Nb3 b5 11.Qe1 Nc4 12.Bd4 e5 13.Qg3 Nh5 14.Qg5 Bxc3 15.Bxc3 g6
16.Bxc4 f6 17.Bxe5 Qxe5 18.Qxe5+ fxe5 19.Bd5 Ra7 20.Nc5 Rc7 21.Nd3 d6 22.Rd2 a5
23.Kb1 Ke7 24.a3 Ba6 25.Nc1 Nf6 26.Nb3 a4 27.Nc1 Rhc8 28.Na2 Bb7 29.Bxb7 Rxb7
30.Nb4 Rd7 31.Kc1 Ke6 32.Re1 g5 33.Nd5 Nxd5 34.Rxd5 Rb7 35.Red1 Rb6 36.c3 Rg8
37.Kd2 h5 38.g3 h4 39.Ke3 h3  1/2-1/2

[Event "5th Montenegro Open"]
[Site "Sozina SCG"]
[Date "2004.02.24"]
[Round "7"]
[White "Lanka,Z"]
[Black "Andrijevic,M"]
[Result "1-0"]
[WhiteElo "2467"]
[BlackElo "2402"]

1.e4 c5 2.Nf3 Nc6 3.d4 cxd4 4.Nxd4 e6 5.Nc3 Qc7 6.Be2 a6 7.O-O Nf6 8.Kh1 b5
9.Nxc6 dxc6 10.f4 Be7 11.e5 Nd5 12.Nxd5 cxd5 13.Be3 g6 14.c3 Bd7 15.Qd2 Bc6
16.Bd4 h5 17.g3 Qb7 18.a3 a5 19.Kg1 Kd7 20.Bd3 b4 21.Qe2 Rhb8 22.a4 h4 23.g4 h3
24.Rf2 Rh8 25.f5 gxf5 26.gxf5 Raf8 27.Kh1 Rhg8 28.Qf3 Rh8 29.Bf1 Rh6 30.Qe3 Rfh8
31.Rc1 b3 32.Rf3 Rh4 33.Bxh3 R8h7 34.Rg1 Qa6 35.Rfg3 Bxa4 36.Qf3 Qc6 37.R1g2 Bb5
38.fxe6+ fxe6 39.Rg7 Qc4 40.Rxh7 Rxh7 41.Bxe6+ Kc7 42.Bxd5 Bc6 43.Bxc6 Qxc6
44.Qg4 a4 45.Kg1 Qh6 46.Kh1 Qc1+ 47.Bg1 Rh4 48.Qe6 Rh7 49.Qb6+ Kd7 50.e6+ Ke8
51.Qc6+  1-0

[Event "Aeroflot Open"]
[Site "Moscow RUS"]
[Date "2004.02.25"]
[Round "9"]
[White "Asrian,K"]
[Black "Potkin,V"]
[Result "1/2-1/2"]
[WhiteElo "2599"]
[BlackElo "2533"]

1.e4 c5 2.Nf3 e6 3.d4 cxd4 4.Nxd4 Nc6 5.Nc3 Qc7 6.Be3 Nf6 7.Qd2 Nxd4 8.Bxd4 e5
9.Be3 Bb4 10.f3 d6 11.a3 Bxc3 12.Qxc3 Qxc3+ 13.bxc3 Be6 14.Rb1 b6 15.Ba6 Ke7
16.O-O Rab8 17.a4 Nd7 18.Rb2 Nc5 19.Bxc5 dxc5 20.Kf2 Rhd8 21.Ke3 Rd6 22.a5 Kd8
23.Be2 Kc7 24.Rfb1  1/2-1/2

[Event "II GM-Tage"]
[Site "Pulvermuehle GER"]
[Date "2004.02.25"]
[Round "8"]
[White "Baramidze,D"]
[Black "Prusikin,M"]
[Result "1/2-1/2"]
[WhiteElo "2456"]
[BlackElo "2519"]

1.e4 c5 2.Nf3 e6 3.d4 cxd4 4.Nxd4 Nc6 5.Nc3 Qc7 6.Be3 Nf6 7.Be2 a6 8.a3 b5
9.Nxc6 dxc6 10.f4 Bb7 11.O-O Be7 12.Qe1 O-O 13.e5 Nd7 14.Qg3 c5 15.Bf3 Bxf3
16.Qxf3 Nb6 17.Rae1 Rad8 18.Ne4 Nd5 19.Bc1 Rd7 20.Kh1 Qc6 21.f5 exf5 22.Qxf5 Qe6
23.Qf3 Qg6 24.Nd6 Nb6 25.Nxf7 Qe6 26.Ng5 Rxf3 27.Nxe6 Rxf1+ 28.Rxf1 Nc4 29.Bg5 h6
30.Bxe7 Rxe7 31.Nxc5 Rxe5 32.Nxa6 Nxb2 33.h3 Nc4 34.Ra1 Re3 35.a4 bxa4 36.Rxa4 Re1+
37.Kh2 Ne3 38.c4 Rc1 39.c5 Nf1+ 40.Kg1 Nd2+ 41.Kf2 Nb3 42.Ra3  1/2-1/2

[Event "5th Montenegro Open"]
[Site "Sozina SCG"]
[Date "2004.02.25"]
[Round "8"]
[White "Andrijevic,M"]
[Black "Ionica,I"]
[Result "1-0"]
[WhiteElo "2402"]
[BlackElo "2271"]

1.e4 c5 2.Nf3 e6 3.d4 cxd4 4.Nxd4 Nc6 5.Nc3 Qc7 6.Be2 a6 7.O-O Nf6 8.Kh1 Bb4
9.Nxc6 bxc6 10.f4 d5 11.e5 Bxc3 12.bxc3 Ne4 13.Qe1 a5 14.Ba3 Ba6 15.c4 Qa7
16.cxd5 exd5 17.Bd3 h5 18.Rf3 Qd4 19.Bxe4 dxe4 20.Re3 Rd8 21.Rxe4 Qd2 22.Qh4 g5
23.Qxg5 Qd7 24.e6  1-0

[Event "ch-BRA"]
[Site "Rio de Janeiro BRA"]
[Date "2004.02.27"]
[Round "3"]
[White "Guimaraes,W"]
[Black "Dumont,S"]
[Result "0-1"]
[WhiteElo "2237"]
[BlackElo "2341"]

1.e4 c5 2.Nf3 e6 3.Nc3 Nc6 4.d4 cxd4 5.Nxd4 Qc7 6.g3 a6 7.Bg2 Nf6 8.O-O Nxd4
9.Qxd4 Bc5 10.Bf4 d6 11.Qd2 h6 12.Rad1 e5 13.Be3 Ke7 14.f4 Be6 15.Bxc5 Qxc5+
16.Qf2 Rac8 17.f5 Bc4 18.Rfe1 Qxf2+ 19.Kxf2 b5 20.Rd2 b4 21.Na4 Rc6 22.b3 Bb5
23.Bf1 Rhc8 24.Bd3 Bxa4 25.bxa4 a5 26.Rb1 Rc3 27.Rb3 Nd7 28.Rxc3 Rxc3 29.Bb5 Nc5
30.Re2 Ra3 31.Bc4 Nxa4 32.Re3 Rxe3 33.Kxe3 Nb6 34.Ba6 d5 35.exd5 Nxd5+ 36.Ke4 Kd6
37.Bc4 Nc3+ 38.Kd3 f6 39.Bg8 Kc5 40.Bf7 Nb5 41.g4 Nd4  0-1

[Event "20th Open"]
[Site "Cappelle la Grande FRA"]
[Date "2004.02.29"]
[Round "2"]
[White "Mista,A"]
[Black "Raetsky,A"]
[Result "1-0"]
[WhiteElo "2521"]
[BlackElo "2417"]

1.e4 c5 2.Nf3 Nc6 3.Nc3 e6 4.d4 cxd4 5.Nxd4 Nf6 6.Ndb5 Bc5 7.Nd6+ Ke7 8.Bf4 e5
9.Nf5+ Kf8 10.Bg5 d6 11.Bc4 Bb4 12.O-O Bxf5 13.exf5 Bxc3 14.bxc3 h6 15.Bxf6 Qxf6
16.Rb1 Rb8 17.Bd5 Na5 18.Qd3 Qe7 19.Qb5 Qc7 20.f4 Re8 21.Rfe1 h5 22.fxe5 Rxe5
23.Rxe5 dxe5 24.c4 Rh6 25.c5 b6 26.Rb4 Qxc5+ 27.Qxc5+ bxc5 28.Rb5 Rb6 29.Rxc5 Ke7
30.Be4 Kf6 31.h4 g6 32.fxg6 fxg6 33.Kf2 g5 34.Bd3 Nb7 35.hxg5+ Ke6 36.Bc4+  1-0

[Event "ch-BRA"]
[Site "Rio de Janeiro BRA"]
[Date "2004.03.01"]
[Round "7"]
[White "Asfora,M"]
[Black "Ueti,S"]
[Result "1-0"]
[WhiteElo "2271"]
[BlackElo "2315"]

1.e4 c5 2.Nc3 e6 3.Nf3 Nc6 4.d4 cxd4 5.Nxd4 Nf6 6.Ndb5 d6 7.Bf4 e5 8.Bg5 a6
9.Bxf6 gxf6 10.Na3 b5 11.Nd5 f5 12.Bd3 Be6 13.c3 Bg7 14.Qh5 f4 15.g3 Ne7
16.Nxe7 Qxe7 17.gxf4 exf4 18.Nc2 Rc8 19.Qe2 h5 20.a4 b4 21.Bxa6 bxc3 22.b4 f3
23.Qd3 f5 24.O-O-O Bh6+ 25.Kb1 fxe4 26.Qxd6 Qxd6 27.Rxd6 Ke7 28.Bxc8 Kxd6
29.Bxe6 Kxe6 30.Ka2 Kd5 31.Kb3 Bd2 32.Rg1 e3 33.Nxe3+ Bxe3 34.fxe3 Rc8 35.Kc2 Ke4
36.a5 f2 37.Rb1 Kxe3 38.a6 Ke2 39.b5 Rd8 40.a7 Rd2+ 41.Kxc3 Ra2 42.b6 f1=Q
43.Rxf1 Kxf1 44.b7 Rxa7 45.b8=Q Ra3+ 46.Kd2 Rh3 47.Qf4+ Kg2 48.Ke2 Rxh2 49.Qg5+  1-0

[Event "70th ch-BLR"]
[Site "Minsk BLR"]
[Date "2004.03.04"]
[Round "1"]
[White "Kolesnik,E"]
[Black "Teterev,V"]
[Result "1-0"]
[WhiteElo "2406"]
[BlackElo "2460"]

1.e4 c5 2.Nf3 Nc6 3.d4 cxd4 4.Nxd4 e6 5.Nc3 Qc7 6.Be3 a6 7.Qd2 Nf6 8.O-O-O Bb4
9.f3 Ne5 10.Nb3 b5 11.Bd4 Be7 12.Qg5 Ng6 13.Qg3 e5 14.Be3 d6 15.h4 b4 16.Nd5 Nxd5
17.exd5 Bf5 18.Rd2 h5 19.Qf2 Bd8 20.f4 Qd7 21.Bd3 Bxd3 22.Rxd3 exf4 23.Bxf4 O-O
24.Qg3 Nxf4 25.Qxf4 Bf6 26.Nd4 Rfe8 27.Qf3 Qa4 28.Kb1 Rac8 29.Nc6 Rc7 30.Qxh5 Qb5
31.Qg4 a5 32.h5 Rxc6 33.dxc6 Qe5 34.c3 bxc3 35.Rxc3 Rb8 36.c7 Rxb2+ 37.Ka1 Rb1+
38.Kxb1  1-0